Estudio de la pobreza y la desigualdad en México 2000-2006: una revisión /
La desigualdad social constituye el mayor problema al cual se enfrentan los países latinoamericanos y México en particular. Parte de las conclusiones del artículo, es que los estudios sobre la pobreza que se realizaron en México entre el 2000 y el 2006 aunque tuvieron diferentes enfoques concluyeron...
Furkejuvvon:
| Váldodahkki: | |
|---|---|
| Materiálatiipa: | Texto |
| Fáttát: | |
| Fáddágilkorat: |
Lasit fáddágilkoriid
Eai fáddágilkorat, Lasit vuosttaš fáddágilkora!
|
MARC
| LEADER | 00000 a a2200000 04500 | ||
|---|---|---|---|
| 001 | 42182 | ||
| 003 | |||
| 040 | |||
| 100 | |a Gutiérrez Torrez, Daniela | ||
| 245 | |a Estudio de la pobreza y la desigualdad en México 2000-2006: |b una revisión / |c Daniela Gutiérrez Torrez | ||
| 520 | |a La desigualdad social constituye el mayor problema al cual se enfrentan los países latinoamericanos y México en particular. Parte de las conclusiones del artículo, es que los estudios sobre la pobreza que se realizaron en México entre el 2000 y el 2006 aunque tuvieron diferentes enfoques concluyeron que sí hubo un avance en materia de pobreza y desigualdad, sin embargo el avance no fue tan significativo como se esperaba,dado que fue un período marcadamente desigual a pesar de presentar altos índices de desarrollo humano. | ||
| 590 | |a RRH/NOVIEMBRE2011 | ||
| 650 | |a 1.DESIGUALDAD SOCIAL | ||
| 650 | |a 2.DISTRIBUCION DEL INGRESO | ||
| 650 | |a 3.POBREZA | ||
| 650 | |a 4.DESARROLLO HUMANO | ||
| 650 | |a 5.MEXICO | ||
| 650 | |a 6.INDICADORES | ||
| 773 | |g número365 ( , 2010), páginas 54-73 : tablas, gráficos | ||
| 999 | |c 26206 |d 26206 | ||
